00953nam a2200217 a 450000100100000000500170001000800410002702000150006804000250008324501290010826001250023730000260036249000100038850400290039850000420042754600750046970000270054483000420057195201050061399900170071800003938620201002031627.0130625s2001 sp 000 0 spa d a840007932x aDO-SdBNPbspacBNPHU00aKitab Hurusiyus :btraducción árabe de las "Historiae adversus paganos" de Orosio /cedición y estudio, Mayte Penelas. aMadrid :bConsejo Superior de Investigaciones Científicas :bAgencia Española de Cooperación Internacional,c2001. a144, 444 p. ;c24 cm.1 a;v26 aBibliografía : 127-144 aIncluye notas al pie de las páginas aTexto en la traducción árabe con notas y comentarios en español.1 aPenelas, Mayte.965594 0aFuentes arábico-hispanasv26965581 001050718MOaGRbGRcCTd2013-06-25iLF1l0o p39386-10r2020-06-25w2020-06-25y1ZNo se presta c38876d38876